书目信息 |
| 题名: |
安装工程分项施工工艺手册第二分册:电气工程
|
|
| 作者: | 强十渤 , 程协瑞 主编 | |
| 分册: | ||
| 出版信息: | 北京 中国计划出版社 1993.09 |
|
| 页数: | 628页 | |
| 开本: | 16开 | |
| 丛书名: | ||
| 单 册: | ||
| 中图分类: | TU85-62 | |
| 科图分类: | ||
| 主题词: | 房屋建筑设备:机电设备 | |
| 电子资源: | ||
| ISBN: | 7-80058-276-0 | |
| 000 | 00712nam0 2200205 45 | |
| 001 | 0009231603 | |
| 005 | 20001108203101.3 | |
| 010 | @a7-80058-276-0@d45.00元 | |
| 100 | @a20000923d1993 km y0chiy0120 ea | |
| 101 | 0 | @achi |
| 105 | @a z 000yy | |
| 200 | 1 | @a安装工程分项施工工艺手册第二分册:电气工程@AAn Zhuang Gong Cheng Fen Xiang Shi Gong Gong Yi Shou Ce Di Er Fen Ce:Dian Qi Gong Cheng@f强十渤,程协瑞主编@FQiang Shi Bo,Cheng Xie Rui Zhu Bian |
| 210 | @a北京@c中国计划出版社@d1993.09 | |
| 215 | @a628页@d16开 | |
| 606 | 0 | @a房屋建筑设备:机电设备 |
| 690 | @aTU85-62@v3 | |
| 701 | 0 | @a强十渤@4主编 |
| 701 | 0 | @a程协瑞@4主编 |
| 801 | @aCN@bPftUser@c20000923 | |
| 905 | @dTU85-62@eQ045=2:2@b127660-662@f3 | |
| 安装工程分项施工工艺手册第二分册:电气工程/强十渤,程协瑞主编.-北京:中国计划出版社,1993.09 |
| 628页;16开 |
| ISBN 7-80058-276-0:45.00元 |
| ● |
| 相关链接 |
|
|
|
正题名:安装工程分项施工工艺手册第二分册:电气工
索取号:TU85-62/Q045=2:2
 
预约/预借
| 序号 | 登录号 | 条形码 | 馆藏地/架位号 | 状态 | 备注 |
| 1 | 127660 | 201276608 | 建筑库201/201建筑库 54排3列1层/ [索取号:TU85-62/Q045=2:2] | 在馆 | |
| 2 | 127661 | 201276617 | 自科二线404/404自科库 16排6列4层/ [索取号:TU85-62/Q045=2:2] | 在馆 | |
| 3 | 127662 | 201276626 | 建筑库201/201建筑库 54排3列1层/ [索取号:TU85-62/Q045=2:2] | 在馆 |